000 00483nam a2200157 a 4500
001 58394
005 20180714055001.0
008 140415s1984 mx 000 0 spa d
041 _aspa
082 _a610
_bCLI
245 0 0 _aCLINICAS MEDICAS DE NORTEAMERICA :
_bALCOHOL ETILICO Y ENFERMEDADES
250 _a1a ed.
260 _aMEXICO :
_bINTERAMERICANA-MCGRAW-HILL,
_c1984
700 1 _aVELA TREVIÑO, HOMERO
_etr.
740 _aTHE MEDICAL CLINICS OF NORTH AMERICA
999 _c58394
_d58394